000
00348 a2200169 4500
001
182716
020
_a
85-00-11261-1
040
_c
Magnum
100
_a
Vicente, Gil
240
1
0
_a
Três autos
_l
por
245
1
0
_a
Três autos
300
_a
189
362
0
_a
2004
440
1
_a
Ediouro
697
_a
LITERATURA GERAL ESTRANGEIRA
942
_c
BK
999
_c
182716
_d
182716